Central Library OPAC University of Rajshahi

থিয়েটারে আলো তত্ত্ব ও প্রয়োগ / (Record no. 38324)

MARC details
000 -LEADER
fixed length control field 01044nam a2200241 a 4500
001 - CONTROL NUMBER
control field 38324
003 - CONTROL NUMBER IDENTIFIER
rucl marc code BD-RjUL
005 - DATE AND TIME OF LATEST TRANSACTION
control field 20211209052755.0
008 - FIXED-LENGTH DATA ELEMENTS--GENERAL INFORMATION
fixed length control field 151104s1997 ii a|||| b||| 00| 0 ben d
020 ## - INTERNATIONAL STANDARD BOOK NUMBER
International Standard Book Number 8185252556
035 ## - SYSTEM CONTROL NUMBER
System control number (BD-RjUL)38429
040 ## - CATALOGING SOURCE
Original cataloging agency BD-RjUL
Language of cataloging ben
Transcribing agency BD-RjUL
041 ## - LANGUAGE CODE
Language code of text/sound track or separate title ben
082 ## - DEWEY DECIMAL CLASSIFICATION NUMBER
Classification number 792.025
Author mark and year MIT 1997
100 ## - MAIN ENTRY--PERSONAL NAME
Personal name মিত্র, রঞ্জিতকুমার
9 (RLIN) 118448
245 10 - TITLE STATEMENT
Title থিয়েটারে আলো তত্ত্ব ও প্রয়োগ /
Statement of responsibility, etc. রঞ্জিতকুমার মিত্র
260 ## - PUBLICATION, DISTRIBUTION, ETC. (IMPRINT)
Place of publication, distribution, etc. কলিকাতা :
Name of publisher, distributor, etc. বেস্টবুক‌স্,
Date of publication, distribution, etc. ১৯৯৭
300 ## - PHYSICAL DESCRIPTION
Pagination [১৬] ৪৩৬ পৃ. :
Illustrations চিত্র ;
Size ২২ সেমি.
504 ## - BIBLIOGRAPHY, ETC. NOTE
Bibliography, etc গ্রন্থপঞ্জি সংযুক্ত
650 ## - SUBJECT ADDED ENTRY--TOPICAL TERM
Topical term or geographic name as entry element প্রেক্ষাগৃহ
General subdivision মঞ্চ - সেটিং এবং দৃশ্যাবলী
-- ইতিহাস
9 (RLIN) 118449
Topical term or geographic name as entry element Theaters
General subdivision Stage-setting and scenery
-- History.
9 (RLIN) 118450
942 ## - ADDED ENTRY ELEMENTS (KOHA)
Source of classification or shelving scheme Dewey Decimal Classification
Koha item type Books
Holdings
Lost status Source of classification or shelving scheme Damaged status Not for loan Collection code Permanent Location Current Location Shelving location Date acquired Source of acquisition Cost, normal purchase price Total Checkouts Full call number Date last seen Date checked out Copy number Koha item type
  Dewey Decimal Classification     Non-fiction Central Library, University of Rajshahi Central Library, University of Rajshahi   17/07/2006 Paragon Enterprises Dhaka 150.00 1 B 792.025 MIT 1997 13/12/2015 07/11/2015 C-2 Books
  Dewey Decimal Classification     Non-fiction Central Library, University of Rajshahi Central Library, University of Rajshahi   17/07/2006 Paragogn Enterprise, Dhaka 150.00   B 792.025 MIT 1997 11/05/2016   C-3 Books
  Dewey Decimal Classification   Not For Loan Non-fiction Central Library, University of Rajshahi Central Library, University of Rajshahi Reading Room 22/11/2005 Paragon Enterprises Dhaka 150.00   B 792.025 MIT 1997 29/10/2016   C-1 Books
  Dewey Decimal Classification     Non-fiction Central Library, University of Rajshahi Central Library, University of Rajshahi   22/11/2005 Paragon Enterprises Dhaka 150.00   B 792.025 MIT 1997 18/01/2017   C-4 Books